000 00719nam a2200217Ia 4500
001 3188
003 GE_BSU
008 181216s||||||||xx |||||||||||||| ||und||
020 _a503001059
040 _cGE_BSU
080 _a514(076)
100 _aБерже,М. Берри,Ж.П. Пансю,П. Сен-реймон,К.
245 _aЗадачи по геометрии с комментариями и решениями.
250 _aПер. с франц. под.ред. Л.В.Сабинина.
260 _aМ.
260 _bМир.
260 _c1989.
300 _a304 стр.с илл.
653 _aЗадачи по геометрии с комментариями и решениями.
942 _cBK
999 _c37229
_d37229